000 00328nam a22001457a 4500
008 221025b ||||| |||| 00| 0 eng d
020 _a9781416063537
041 _aeng
080 _2GUEST EDITION
_a61
082 _a61MAG
100 _a5
101 _aMJEK
245 _aSLEEP MEDICINE CLINICS
_cMAGALANG U
942 _2udc
_cBK
999 _c58668
_d58668